00350nam a2200121Ia 4500008004100000041000800041082001600049100002700065245004400092260005100136300003000187365001100217240624s9999 xx 000 0 und d aeng a658.452 HBP aHARVARD BUSINESS PRESS aFACE TO FACE COMMUNICATIONS FOR CLARITY c2004aNew DelhibHarvard Business School Press aix, : 155 : p. : cm. ; 21 cRSb38